Statistics for Fictional Squads

Click here to take the quiz!

General Stats

  • This quiz has been taken 5 times
  • The average score is 5 of 16

Answer Stats

HintAnswer% Correct
Sonic, Tails, Amy, KnucklesSonic The Hedgehog
100%
Storm, Wolverine, Colossus, MagnetoX-Men
100%
Donkey Kong, Diddy Kong, Dixie Kong, Cranky Kong.Donkey Kong
80%
Barbarian King, Archer Queen, Grand Warden, Royal ChampionClash of Clans
40%
Dr. Bravestone, Mouse Finbar, Ruby Roundhouse, Professor OberonJumanji
40%
Orange, Pear, Little Apple, Grandpa LemonAnnoying Orange
20%
Baldi, Playtime, Bully, PrincipalBaldi's Basics
20%
Freddy Fazbear, Bonnie, Chica, FoxyFive Nights at Freddy's
20%
Tanner, Roach, Caroline, AnyaFortnite
20%
Deadpool, Cable, Domino, PsylockeX-Force
20%
Tord, Tom, Edd, MattEddsworld
0%
Midas, Skye, Meowscles, BrutusFortnite Chapter 2 Season 2
0%
Sarvente, Ruv, Razasy, SeleverFriday Night Funkin'
0%
Tricky, Hank J. Wimbleton, Jesus, The AuditorMadness Combat
0%
Tal Fishman, Anthony Rivera, Michael Rosillo, Dean JohnsonReaction Time
0%
Mario, Luigi, Wario, YoshiSuper Mario 64 DS
0%

Score Distribution

Percentile by Number Answered

Percent of People with Each Score

Your Score History

You have not taken this quiz